[Event "EU-chT 22nd"]
[Site "Batumi"]
[Date "2019.10.31"]
[Round "7.1"]
[White "Ragger, Markus"]
[Black "Nyback, Tomi"]
[Result "1-0"]
[WhiteElo "2684"]
[BlackElo "2565"]
[Annotator "Meyer,CD"]
[PlyCount "65"]
[EventDate "2019.10.24"]
[EventType "team-swiss"]
[EventRounds "9"]
[EventCountry "GEO"]
[SourceTitle "CBM 193"]
[Source "ChessBase"]
[SourceDate "2019.12.31"]
[SourceVersion "1"]
[SourceVersionDate "2019.12.31"]
[SourceQuality "1"]
[WhiteTeam "Austria"]
[BlackTeam "Finland"]
[WhiteTeamCountry "AUT"]
[BlackTeamCountry "FIN"]

{TAKTISCHES "GUSTOSTÜCKERL" (Gute/schlechte Planfassungen, provozierter
Opferangriff, Varianten berechnen) Ein sehenswertes und mächtiges taktisches
Feuerwerk konnte der österreichische Spitzenspieler Markus Ragger gegen
seinen hier etwas indisponiert wirkenden finnischen Widersacher abbrennen.} 1.
e4 e5 2. Nf3 Nc6 3. Bc4 Bc5 4. d3 Nf6 5. O-O d6 6. c3 h6 7. Re1 O-O 8. h3 a5 9.
Nbd2 Be6 10. Bb5 Qb8 {plant das hier meist gespielte Damenmanöver Qd8-b8-a7}
11. Nf1 (11. Bxc6 bxc6 12. d4 exd4 13. cxd4 Bb4 14. a3 Bxd2 15. Nxd2 {1/2-1/2 
(43) Giri,A (2797)-Ding,L (2809) Shenzhen 2019}) 11... Qa7 12. d4 (12. Re2)
12... exd4 13. Bxc6 {[#]} bxc6 $6 $146 (13... dxc3 $142 14. Ba4 Bxf2+ 15. Kh2
Bxe1 (15... d5 16. e5 Ne4 $13 {1/2-1/2 (107) Anand,V (2767)-Ding,L (2805)
Stavanger 2019}) 16. Qxe1 d5 (16... Qc5 17. bxc3 d5 18. e5 $5 Ne4 19. Bb2 $13 {
/=} b5 $5 (19... f6 $6 20. Ng3 fxe5 21. Nxe4 dxe4 22. Qxe4 $14) (19... f5 $5
20. Ng3 c6 21. Nd4 Bc8 (21... Rae8 $6 22. Bb3 Bc8 23. Nxe4 fxe4 24. Qg3 (24.
Qxe4 $4 a4) 24... Qe7 (24... h5 25. h4 Qe7 26. c4 a4 27. Bxa4 dxc4 28. e6 $16
Rf6 29. Bc2 Ref8 30. Bxe4 $16) 25. c4 $1) 22. Rb1 Ra6 23. Bc2 b5 $13 (23... Rb6
24. Qe3 $1)) 20. Bc2 a4 21. a3 f5 $13) 17. Ng3 $11) 14. cxd4 Bb6 15. Ng3 Rfe8
16. Be3 {[#]} d5 $2 {Ziemlich fahrlässige Raumgestaltung im Zentrum!
Alternativen:} ({I} 16... a4 $2 17. Qc1 $1 Bd7 (17... a3 18. b4 $16) 18. e5 $1
Nd5 19. Bxh6 Re6 (19... gxh6 $4 20. Qxh6 Re6 21. Qh4 Rg6 22. Ng5 $40 {+-}) 20.
Be3 Rg6 21. Kh2 $16) ({II} 16... Bd7 $142 $5 {war geboten, z.B.:} 17. Qc2 Re7 (
17... a4 18. Rac1 $14) 18. Rad1 Rae8 19. Bd2 a4 20. Bc3 $14) 17. e5 Ne4 {[#]}
18. Nh5 $5 {Der Schimmel entzieht sich dem Abtausch und peilt ein lukrativeres
Ziel an.} ({I} 18. Qc1 Nxg3 19. fxg3 Bf5 20. Qxc6 Be4 $14) ({II} 18. Qc2 $5 c5
19. Nxe4 dxe4 20. Qxe4 Rad8 21. dxc5 Bxc5 22. Bxc5 Qxc5 23. Rac1 $16) 18... c5
$6 {[#] Um eine passable Antwort bereits verlegen löst Schwarz mit diesem
geplanten Gegenstoß einen gewaltigen Sturm auf seine Königsfeste aus.} ({
Auch nach dem relativ besseren} 18... Bd7 {wird er hart rangenommen:} 19. Nd2
$1 Ng5 (19... Nxd2 $143 20. Qxd2 Re6 21. Rac1 $16) (19... Bf5 $2 20. Nxe4 Bxe4
(20... dxe4 21. Nxg7 $1 $18) 21. Rc1 $18) 20. Bxg5 hxg5 21. Nf3 Re6 22. Qd2 Rg6
23. e6 $1 Bxe6 24. Rad1 (24. Ne5 Rh6 25. Qxg5 Rxh5 26. Qxh5 Bxd4 27. Qh4 Qb6
28. Nxc6 Bxf2+ 29. Qxf2 Qxc6 30. Rac1 $16) 24... g4 25. Ne5 Rh6 26. hxg4 {
/\Qg5!} Qb8 27. Qe3 $16 {mit mächtigem Druck.}) 19. Qc1 $1 (19. Bxh6 $5 {
ist zwar Futter für die Ungeduldigen, aber am Brett viel zu verwickelt, wie
dieser abenteuerliche Ausflug zeigt:} gxh6 (19... cxd4 20. Qc1 $1 $18 Kf8 21.
Nxg7) 20. Qc1 Kf8 (20... Kh7 21. Qf4 Rg8 (21... c6 22. Rxe4 $1 dxe4 (22... Bd8
23. Re2 $18) 23. Ng5+ hxg5 24. Qxg5 $18 f5 25. Nf6+ Kh8 26. Qh6+ Qh7 27. Qxh7#)
22. Rxe4 $1 dxe4 23. Nf6+ Kg7 24. d5 $18 exf3 (24... Bxd5 25. Nh4 Be6 26. Nf5+
Bxf5 27. Qxf5 Kf8 28. Qh7 Rg6 (28... Ke7 29. Nd5+ Kd7 (29... Ke6 30. Rd1 c6 31.
Qxh6+ Kd7 32. e6+ fxe6 (32... Kc8 33. exf7) 33. Qh7+ Kc8 34. Nxb6+ Qxb6 35.
Qxg8+) 30. Qxf7+ Kc8 31. Ne7+ Kb7 32. Qd5+ c6 33. Nxc6) 29. Rd1 c6 30. Rd7) (
24... c6 25. dxe6 fxe6 (25... exf3 26. Qf5 Kf8 27. Nd7+)) (24... Bxh3 25. Qg3+)
25. dxe6 $1 c4 (25... c6 26. Qf5 Kf8 27. Nd7+) 26. Ng4 $1 Bxf2+ 27. Kh2 Be3 28.
Nxe3 Kh7 29. Rd1 Qb6 30. exf7) 21. Qxh6+ Ke7 22. Rxe4 $1 dxe4 23. d5 Bxd5 24.
Rd1 Rad8 (24... Kd7 25. Rxd5+ Kc8 26. Nd2 Kb7 27. Nxe4 $18 Rad8 28. Rxd8 Rxd8
29. Qf6 Rd7 30. Qf5 Re7 31. Nhf6 $18) 25. Nf6 c6 (25... c4 26. Nxd5+ Rxd5 27.
Rxd5 $18) 26. Nh4 Be6 {[#] Analyse} (26... Rh8 27. Nf5+ Ke6 28. Qg5) (26... Ke6
27. Nf5) 27. Nd7 $3 $18 {Wow!} Rxd7 28. Qf6+ Kf8 29. Ng6+ Kg8 30. Qh8#) 19...
Kf8 {[#]} ({Für das scheinbar prophylaktische} 19... Kh7 {war es auch schon
zu spät:} 20. Bxh6 gxh6 21. Qf4 $40 {+- wie gehabt}) 20. Nxg7 $1 {[#] Das
Rochadeopfer leitet die spektakuläre Zertrümmerung der Königsfeste ein,
während die Qa7 und ihr Bb6 völlig abgemeldet sind.} ({Oder auch} 20. Bxh6 $1
gxh6 21. Qxh6+ Ke7 22. Rxe4 $1 $40 {+- wie vorher - alles ein Spiel auf ein
Tor!}) 20... Kxg7 ({Ablehnungen sind ebenso hoffnungslos: I} 20... Ke7 21. Nxe8
(21. dxc5 Bxc5 22. Bxc5+ Qxc5 23. Qxc5+ Nxc5 24. Nxe8 $18) 21... Rxe8 (21...
Kxe8 22. dxc5) 22. dxc5 Bxc5 23. Bxc5+ Qxc5 24. Qxc5+ Nxc5 25. Rec1 $18) ({II} 
20... cxd4 21. Bxh6 Ke7 22. Qc6 d3 23. Rxe4 Bxf2+ 24. Kh1 dxe4 25. Nxe6 fxe6
26. Bg5+ Kf8 27. Qxe4 $18) 21. Bxh6+ Kh7 {[#]} (21... Kh8 22. Rxe4 dxe4 23. Bg5
Kg8 24. Bf6 Kh7 25. Qg5 $16) 22. Rxe4 $1 {Die hier thematische Beseitigung
dieses Verteidigers ist unerlässlich.} ({Oder auch} 22. Qf4 $1 Rg8 (22... c6
23. Rxe4 $18) {- und nach Verzögerung -} 23. Rxe4 $1 dxe4 (23... Rg6 24. Ng5+
Kg8 25. Re3 $18) 24. Ng5+ Rxg5 25. Bxg5 $18 f6 26. exf6 c6 27. Qxe4+ Kh8 28.
Qxe6) 22... dxe4 23. Qg5 Rg8 {[#]} 24. Qh5 ({Natürlich ist der Partiezug gut
genug, indes "Taktik-Gourmets" sei die Alternative} 24. Qh4 {nicht
vorenthalten:} Rg6 25. Ng5+ Kg8 26. Nxe4 f5 27. Nf6+ Kf7 28. d5 c6 (28... Rd8
29. dxe6+ Kxe6 30. Qh5 Rxh6 31. Qxh6 c4 32. Nh5+ Kd7 33. Rd1+ Bd4 34. e6+ Kc8
35. e7 Bxf2+ 36. Kh2 Re8 37. Rd8+ Rxd8 38. Qe6+ $18) 29. dxe6+ Kxe6 30. Qc4+ $1
{die Pointe von 24.Qh4} Kxe5 (30... Ke7 31. Rd1 Rd8 32. Rxd8 Bxd8 33. Qd3 $1
$18) 31. Re1+ Kxf6 (31... Kd6 32. Qf4#) 32. Qe6#) 24... Rg6 25. Ng5+ Kg8 26.
Nxe4 {[#] Die Ausbeutung der dunklen Felderschwächen am Königsflügel ist
für den Anziehenden ein wahres Fest, zumal das ausgesperrte schwarze Trio am
anderen Brettrand wie unbeteiligte, ohnmächtige Zuschauer wirkt.} Bf5 ({Oder} 
26... Qa6 27. Nf6+ Rxf6 28. exf6 Qd3 29. Re1 Qg6 {, aber die Dame kommt zu
spät zurück ins Spiel:} 30. Qxg6+ fxg6 31. Rxe6 $18) 27. Nf6+ $1 (27. Qxf5
$143 Rxh6 28. d5 $16 c6 (28... c4 29. Rc1) 29. d6) 27... Rxf6 28. exf6 {[#]}
Bg6 (28... Bh7 29. Bf8 $1 $18 Qb8 30. Qg5+ Bg6 31. Be7 {Matt in 4}) 29. Qh4
cxd4 (29... c4 30. Bg7 Bh7 31. Qg5 Bxd4 32. Bh8+ Kf8 33. Qg7+ Ke8 34. Qxh7 $18)
30. Bg7 Bh7 {[#]} 31. Qg5 ({Umständlich, kurzen Prozess machte dagegen} 31.
Bf8 $142 $1 Qb8 (31... Rxf8 32. Qh6) (31... Kxf8 32. Re1 $18 {/\Qh6+}) 32. Qg5+
Bg6 33. Be7) 31... Bc5 $2 {[#]} (31... d3 $142 32. Bh8+ Kf8 33. Qh6+ Ke8 34.
Qxh7 Bxf2+ 35. Kh1 Rd8 36. Qg8+ Kd7 37. Qxf7+ Kc8 38. Qe6+ Kb8 39. f7 Qe3 40.
Qxe3 Bxe3 41. Bg7 Bc5 42. g4 Bf8 43. Bc3 Rd7 44. Rd1 Rxf7 45. Rxd3 $18) 32.
Bh8+ $1 Kf8 (32... Bg6 33. Qh6 Bf8 34. Bg7 Bh7 35. Bxf8 Rxf8 36. Qg7#) 33. Re1
$18 1-0

[Event "Bundesliga 1617"]
[Site "Germany"]
[Date "2016.12.03"]
[Round "5.1"]
[White "Areshchenko, Alexander"]
[Black "Granda Zuniga, Julio E"]
[Result "1-0"]
[WhiteElo "2678"]
[BlackElo "2646"]
[Annotator "Meyer,CD"]
[PlyCount "73"]
[EventDate "2016.10.15"]
[EventType "team-tourn"]
[EventRounds "15"]
[EventCountry "GER"]
[SourceTitle "CBM 176"]
[Source "ChessBase"]
[SourceDate "2017.01.17"]
[SourceVersion "1"]
[SourceVersionDate "2017.01.17"]
[SourceQuality "1"]
[WhiteTeam "Werder Bremen"]
[BlackTeam "Aachen"]
[WhiteTeamCountry "GER"]
[BlackTeamCountry "GER"]

{"SLOW ITALIAN" (Entscheidung in Zeitnot) Am dritten Bundesliga-Wochenende in
Aachen gab es für den SV Werder Bremen nach einem mißglückten 2:
6-Saisonstart endlich den erhofften Doppelschlag gegen den Aufsteiger Aachen
sowie gegen Trier. Allerdings waren beide Siege tatsächlich knapp und auch
etwas glücklich. Der scheinbar deutliche 5:3-Erfolg über den DJK Aufwärts
Aaachen, der erstmalig am Spitzenbrett seinen Topstar GM Julio Granda Zuniga
aufbot, kam auch "dank Caissas Hilfe" zustande: Der Peruaner, der im Februar
nächsten Jahres 50 wird, konnte gegen Alexander Areshchenko (30) nach einem
schweren Fehler des Ukrainers im 28. Zug mit einer gekonnten taktischen
Wendung die Partie auf der Stelle für sich entscheiden. Doch Granda Zuniga
verpasste seine Großchance, verlor dann in Zeitnot die Übersicht und ging
sang- und klanglos unter.} 1. e4 e5 2. Nf3 Nc6 3. Bc4 Bc5 4. O-O Nf6 5. d3 {
"Slow Italian" ist - ähnlich dem geschlossenen Spanier mit d3 - wieder groß
in Mode, wie auch kürzlich im WM-Match zwischen Carlsen und Karjakin gesehen.}
d6 ({Oder z.B. ein paar Alternativen mit Areshchenko-Beteiligung: I} 5... O-O
6. a4 (6. c3 d5 {"and Black can equalize without too many problems", A. Kuzmin}
7. exd5 Nxd5 8. a4 Nb6 9. Bb5 Ne7 10. a5 c6 11. axb6 cxb5 12. Rxa7 Rxa7 13.
bxa7 Bxa7 14. Nxe5 Bf5 15. Re1 Bb8 16. Na3 b4 17. cxb4 Qd5 18. Nec4 Bxd3 {
- remis, Anand,V (2770) - So,W (2771), Saint Louis 2016}) (6. Nbd2 d6 7. c3 a5
8. h3 Be6 9. b3 $146 (9. Bb5) 9... d5 10. exd5 Bxd5 11. Qc2 Re8 12. Re1 Qd6 13.
Bb2 Rad8 14. Rad1 Bxc4 $2 (14... Qf8 $142 $13) 15. Nxc4 $16 Qd5 16. Ncxe5 Nxe5
17. Rxe5 Rxe5 18. c4 Qxf3 $2 (18... Re2 19. Qxe2 Qf5 20. d4 Re8 21. Ne5 $16)
19. gxf3 $18 {1:0/70, Areshchenko,A (2677) - Parligras,M (2586), Al Ain 2015})
6... d6 (6... a6 7. c3 d6 8. Re1 Ba7 9. h3 Ne7 10. d4 Ng6 $13 {2.
Tiebreak-Partie Carlsen - Karjakin, New York 2016}) 7. c3 a6 8. b4 Ba7 9. Re1
Ne7 10. Nbd2 Ng6 11. d4 $13 {5. WM-Partie Carlsen-Karjakin, New York 2016}) ({
II} 5... a6 6. c3 Ba7 7. Bb3 d6 8. Nbd2 O-O 9. h3 Ne7 (9... h6 10. Re1 Nh5 11.
Nf1 Qf6 12. Be3 Nf4 13. d4 Ne7 14. N1h2 Neg6 15. Kh1 c5 16. d5 Qd8 17. a4 f5
18. Bc2 fxe4 $2 19. Bxe4 Bf5 20. Qc2 Qd7 21. c4 Bxe4 22. Qxe4 Qf5 23. Qxf5 Rxf5
24. Ra3 e4 $2 25. Nd2 Nd3 26. Rf1 (26. Rb1 $142 $1 Re8 27. f3 $16) 26... Raf8
$2 (26... Re8 $142 $5 27. Rb3 Rfe5 (27... Re7 $2 28. f3 $1) 28. Rxb7 R5e7 29.
Rb3 $14) 27. Nxe4 Nxb2 28. Nxd6 R5f6 29. Rb3 $16 {- 1:0/45, Areshchenko,A 
(2640) - Johannessen,L (2537), Bundesliga 2007}) 10. Re1 Ng6 11. Nf1 Nh5 12. d4
Qe8 13. Ne3 Nhf4 14. Nf5 Ne6 $2 (14... Be6 $142 $14) 15. Be3 (15. h4 $142 $1
$16) 15... Nd8 $4 (15... f6 $142 16. h4 Kh8) 16. Ng5 $1 $40 {/+-} Ne6 (16...
Nf4 17. Bxf4 exf4 (17... g6 18. Bg3) 18. Qh5 h6 19. Nxh6+ gxh6 20. Qg6+ Kh8 21.
Qh7#) (16... h6 17. Qh5 $1 Bxf5 18. exf5 Ne7 19. f6) 17. Bxe6 fxe6 18. Qh5 h6
19. Qxg6 {- 1:0, Areshchenko,A (2672) - Deac,B (2455), Mamaia 2015}) 6. c3 Bb6
7. a4 ({Viel häufiger geschieht} 7. Bb3 {, z.B.} Ne7 8. Nbd2 c6 9. Nc4 Bc7 10.
Bg5 Be6 (10... Ng6 11. Nh4 $13) 11. Ne3 d5 (11... Ng6) 12. Bxf6 gxf6 13. Nh4
Ng6 $2 (13... Qd7 $142 $5 14. Qf3 O-O-O 15. Qxf6 Ng6 $14) 14. Nhf5 Qd7 15. Ng7+
Kf8 16. Nh5 $16 {1:0/47, Harikrishna,P (2740) - Granda Zuniga,J (2663),
Linares 2015}) 7... a5 8. Na3 Ne7 {Leitet noch vor der Rochade die typische
Umgruppierung des Springers nach g6 ein.} 9. Ba2 ({Etwas unübliche
Stellungsbilder könnten hier nach dem aggressiven} 9. Ng5 O-O 10. Qb3 {
entstehen:} d5 (10... Qe8 11. Be3 Bxe3 12. fxe3 Bd7 13. Qxb7 Rc8 $13) 11. exd5
Nexd5 12. Re1 c6 13. Nf3 (13. Rxe5 $2 Bxf2+) 13... Re8 14. Bg5 Bc7 15. Nd2 (15.
Bxf6 gxf6) 15... Rf8 16. Ne4 h6 17. Nxf6+ (17. Bh4 g5) 17... Nxf6 18. Bh4 Rb8
19. Rad1 Bg4 20. Rd2 Bh5 $13 {/=}) 9... c6 10. Nc4 Bc7 11. Bg5 Ng6 12. Nh4 Nf4
$6 {Etwas ungestüm, das vorsichtige} (12... O-O $142 {verdient den Vorzug:}
13. Ne3 Kh8 $13) 13. Bxf4 ({Und hier gefällt} 13. Nf5 $142 {besser, z.B.} O-O
(13... Bxf5 14. exf5 O-O 15. Re1 h6 16. Bh4 N4d5 17. Nd2 Qd7 18. Qf3 $14) 14.
Nce3 d5 (14... Kh8 15. Ng4 Bxf5 (15... N4h5 16. Nxf6 Nxf6 17. f4 $14) 16. exf5
N4h5 17. d4 $14) 15. exd5 h6 (15... Bxf5 16. Nxf5 Qd7 17. Nh6+ $14) 16. Bh4 Ng6
17. dxc6 Nxh4 18. Nxh4 bxc6 19. Nf3 $14) 13... exf4 14. Nf3 O-O 15. e5 (15. h3)
15... dxe5 16. Ncxe5 Nd5 $11 17. d4 f6 18. Nd3 Kh8 ({Oder} 18... g5 19. Re1 (
19. h3 g4 20. hxg4 Bxg4 21. c4 Nb6 $13 (21... Ne7 $13)) (19. c4 Nb4 20. Nxb4
axb4 21. c5+ Kh8 22. h3 g4 23. hxg4 Bxg4 24. d5 Be5 $13) 19... g4 20. Nd2 Kh8
$13) 19. Re1 ({Falls} 19. c4 {, so} Nb4 20. Nxb4 axb4 21. h3 g5 22. c5 g4 $13 {
mit Übergang zur vorigen Variante.}) 19... b6 (19... g5) 20. c4 Ne7 21. c5 $5
g5 (21... bxc5 22. Nxc5 Rb8 $13 (22... Nd5 $13)) 22. h3 Nf5 (22... Rb8 23. cxb6
Rxb6 24. Rc1 Nd5 $13) 23. Re4 Rb8 24. Rc1 (24. Qc2 $142 Ng7 25. Qc3 Bf5 26. Re2
$14) 24... bxc5 25. dxc5 $6 ({Das gibt Weiß gar nichts, besser war} 25. Nxc5
$142 {, z.B.} Rxb2 26. Be6 Ng7 27. Bxc8 Qxc8 28. Re7 Bd6 29. Rd7 Rd8 30. Rxd8+
Qxd8 31. Qd3 $14) 25... Ba6 (25... Ng7 {kam ebenso in Betracht:} 26. Re2 Bf5
27. Bc4 Re8 28. Rxe8+ Qxe8 $11) 26. Rc3 Re8 27. Qe2 Re7 28. Be6 $4 {Einmal
mehr wirkt der Ukrainer an diesem Tag etwas indisponiert. Diese Aufstellung in
der e-Linie erweist sich als zu leichtfertig, sie provoziert ein ziemlich
tückisches Fesselungsmotiv, das allerdings von beiden Akteuren unbemerkt
bleibt!} (28. Rxe7 $142 Qxe7 29. Qxe7 Nxe7 30. Bc4 $11) 28... Ng7 $4 {Eine
ebenso typische wie fatale Reflexantwort bedingt durch knappe Bedenkzeit.
Derart verpasste Chancen erweisen sich häufig als Bumerang ...} ({Die
bärenstarke Widerlegung lautet} 28... Rb4 $3 {mit der Kardinalidee der
Beseitigung der Bastion e4 und Ausnutzung des verkappten Visavis Re7/Qe2:} 29.
Bxf5 (29. Qc2 {büßt nach} Rxe4 30. Bxf5 {ersatzlos die Qualität ein:} Re2
$19 31. Qb3 (31. Qb1 Qd5) 31... h5) 29... Rbxe4 30. Bxe4 (30. Qd1 Re2) 30... f5
$19 {mit tödlichem Fesselungsangriff.}) 29. Bc4 $16 {Nun ist für Weiß
wieder alles bestens im Lot. Angesichts diverser gegnerischer Felder- und
Bauernschwächen sowie einer echten Bauernmajorität des Weißen am
Damenflügel spielen weitere Abtäusche und Vereinfachungen ihm in die Hände.}
Rxe4 30. Qxe4 Bc8 ({Andere Läuferzüge sind auch nicht besser: I} 30... Bxc4
31. Rxc4 Qd5 32. Rd4 Qxe4 33. Rxe4 Kg8 34. Re7 Bd8 35. Rd7 Ne6 36. Kf1 (36. Rd6
Kf7 37. Nfe5+ fxe5 38. Nxe5+ Kg7 39. Nxc6 Rxb2 40. Rxe6 Bf6 41. Re4 Rc2 42.
Nxa5 Rc1+ 43. Kh2 Rxc5 44. Nc4 $16) 36... Rc8 37. Ke2 Rc7 38. Rxc7 Bxc7 39. Kd2
Kf7 40. Kc3 Ke7 41. b4 axb4+ 42. Kxb4 $16) ({II} 30... Bb7 31. Rc2 Qe8 32. Re2
Qxe4 33. Rxe4 Nf5 34. Re6 Kg7 35. Nd2 Rd8 36. Ne4 $16) 31. b3 $2 {Hektisch
geht es nun drunter und drüber.} ({Dagegen konnte Areshchenko seinen Vorteil
mit} 31. Rc1 $142 $1 $16 {festhalten. Man sehe:} Qd7 (31... Bd7 32. Re1 Nf5 33.
Be6 Ng7 34. Nd4 $1) (31... Qe8 32. Qxe8+ Nxe8 33. Re1 Bd7 (33... Ng7 34. Nd4
Bd7 35. Re7) 34. Re7 Rd8 35. Nd4 Ng7 36. b4 $1) (31... Bf5 32. Qxc6) 32. Re1
Nf5 33. b3 Kg7 34. h4 $1 h6 35. h5 {drohend Nd4!, z.B.} Kf8 36. Nd4 $3 Nxd4 (
36... Qe7 37. Ne6+ Bxe6 38. Bxe6 Ng7 39. Qxc6 $18) 37. Qg6 Be5 38. Rxe5 fxe5
39. Qf6+ Ke8 40. Nxe5 $18) 31... Bd7 $13 32. Rc1 Qf8 33. Qd4 ({Oder} 33. Nd4 f5
34. Qe1 Re8 35. Qc3 Qf6 $13 (35... g4 $13)) 33... Bf5 34. Re1 Bxd3 $4 $138 {
Ein letzter und furchtbarer Fauxpas in Zeitnot: Nach diesem Tausch können die
Schwächen im schwarzen Lager wie die Punkte h7 und c6 weidlich ausgebeutet
werden.} ({Indes wäre Schwarz nach beispielsweise} 34... Rd8 $142 35. Qc3 Rd7
$13 {/= völlig okay gewesen.}) 35. Bxd3 $18 Rd8 ({Oder} 35... Rxb3 36. Qe4 f5
37. Qxc6 Rxd3 38. Qxc7 {und Weiß gewinnt.}) 36. Qe4 f5 ({Eine weitere
Lockerung, aber auch nach} 36... Qg8 37. Bc4 {ist Schwarz verloren:} Qe8 (37...
Qf8 38. Qxc6) 38. Qxe8+ Rxe8 (38... Nxe8 39. Nd4) 39. Rxe8+ Nxe8 40. Bf7 Ng7
41. Nd4) 37. Qxc6 {und Schwarz gab in hoffnungsloser Lage auf.} ({Nach} 37.
Qxc6 {könnte beispielsweise noch folgen:} g4 (37... Rxd3 38. Qxc7 Qd8 (38...
g4 39. Ne5 Rc3 40. Nf7+ Kg8 41. Nh6+ Kh8 42. Qd6 Qxd6 43. cxd6 Rd3 44. Re7) 39.
Qxd8+ Rxd8 40. c6 g4 41. Nd4) 38. Bc4 gxf3 39. Qxc7 Rc8 (39... fxg2 40. c6 Rc8
41. Qb7 Rb8 42. Qe7) 40. Qd6 fxg2 (40... Qxd6 41. cxd6 Rd8 42. Re5 Rxd6 43.
Rxa5) 41. Kxg2 Nh5 42. Qxf8+ Rxf8 43. Re5 Kg7 44. c6 $18 {in jedem Fall mit
leichtem Gewinn.}) 1-0

[Event "EU-Cup 34th"]
[Site "Porto Carras"]
[Date "2018.10.13"]
[Round "2.1"]
[White "Carlsen, Magnus"]
[Black "Potkin, Vladimir"]
[Result "1-0"]
[WhiteElo "2839"]
[BlackElo "2597"]
[Annotator "Mikhalchishin,A"]
[PlyCount "97"]
[EventDate "2018.10.12"]
[EventType "team-swiss"]
[EventRounds "7"]
[EventCountry "GRE"]
[SourceTitle "CBM 187"]
[Source "ChessBase"]
[SourceDate "2018.12.11"]
[SourceVersion "1"]
[SourceVersionDate "2018.12.11"]
[SourceQuality "1"]
[WhiteTeam "Valerenga"]
[BlackTeam "Molodezhka"]
[WhiteTeamCountry "NOR"]
[BlackTeamCountry "RUS"]

1. e4 e5 2. Nf3 Nc6 3. Bc4 Bc5 4. c3 Nf6 5. d3 d6 6. Nbd2 O-O 7. b4 Bb6 8. Bb3
(8. a4 {is also typical, but it can't harm Black:} a5 9. b5 Ne7 $13) 8... Ne7 {
A typical improving manouevre à la Karpov.} 9. Nc4 ({It is also possible to
start flank activity faster:} 9. a4 c6 $1 10. Nc4 Bc7 11. Bg5 (11. O-O Ng6 12.
Re1 Re8 13. Qc2 d5 14. Ncd2 Nf4 $13 {Goetz-Neunhoeffer, Germany 1995} (14... h6
$5 {/\ ...Be6, ...Qd7})) 11... Ng6 $1 (11... d5 $5) 12. Nh4 (12. O-O h6 13. Be3
d5 $13 {with a good position} (13... Be6 $13 {is also good.})) 12... Kh8 (12...
d5 $1 {is even better.} 13. exd5 cxd5 14. Ne3 Nf4 $15) 13. Nxg6+ fxg6 14. Ne3
h6 15. Bh4 (15. Bxf6 Qxf6 $132) 15... Bb6 $1 {Activating the bishop.} (15... a5
$5 {or}) (15... g5 $5 {is also good.}) 16. Qe2 a5 $1 {with counterplay,
Fressinet,L (2711)-Hammer,J (2638) Malmo 2014.}) 9... Ng6 10. O-O ({In my
opinion more interesting here is} 10. a4 c6 11. Nxb6 axb6 12. Be3 d5 13. Bc2
Qc7 14. h3 Rd8 15. Qb1 dxe4 16. dxe4 Be6 17. O-O h6 18. a5 Nd7 19. Rd1 bxa5 20.
bxa5 Rxa5 21. Rxa5 Qxa5 22. Bb6 $1 {winning material, Onischuk,V (2627)
-Buckels,V (2363) Dresden GER 2018}) 10... c6 ({An even preciser equalizing
way was demonstrated in an old game:} 10... Be6 11. Re1 h6 12. Nxb6 Bxb3 13.
Qxb3 axb6 14. b5 Re8 15. Bd2 Qd7 16. a4 d5 {1/2 (16) Nunn,J (2610)
-Azmaiparashvili,Z (2575) Amsterdam 1990}) 11. Nxb6 axb6 12. a4 Re8 ({Not bad
was to exchange the double pawn with} 12... b5 13. Re1 bxa4 14. Rxa4 Rxa4 15.
Bxa4 Be6) 13. Be3 Be6 14. Bc2 {White must retreat with this important bishop
since after the Black is very comfortable.} (14. Bxe6 Rxe6 15. Qc2 d5) 14... d5
15. h3 Qc7 16. Re1 h6 17. exd5 Nxd5 ({A more risky, but very much playable
approach would be} 17... Bxd5 18. d4 exd4 19. Bxd4 Nf4 20. Bxf6 gxf6) 18. Bd2
Bf5 19. d4 {Now forced play starts for some moves.} Bxc2 20. Qxc2 exd4 21. Nxd4
c5 22. bxc5 bxc5 23. Nf5 ({Much weaker was another position of the knight:} 23.
Nb5 Qc6) 23... Qc6 24. c4 Ndf4 25. Rxe8+ Rxe8 26. Bxf4 Nxf4 27. Ne3 Rd8 (27...
b6 28. Rb1 Qd6) 28. Rb1 ({Nothing promised} 28. a5 Ra8 $1) 28... h5 ({It was
possible to keep the pawn structure more compact:} 28... b6 29. Rb5 Qf6) 29. a5
h4 30. Rb6 ({More energetic was} 30. Qf5 Qc7 31. Rb5 Ne2+ 32. Kh1 Nd4 33. Rxc5)
30... Qd7 31. Qb2 Nd3 ({A bit more precise was the defence} 31... Qc7 32. Rxb7
Qxa5 33. Nf5 Qe1+ 34. Kh2 Ne6) 32. Qb1 {[#]} Nb4 $2 ({It was necessary to keep
counterattacking with} 32... Qa4 33. Rb5 g6) 33. Qe4 Qd4 {Black's best chance
seems to be pawn sacrifice transferring to a rook ending, but Carlsen shows
great technique.} 34. Qxd4 cxd4 35. Rxb4 dxe3 36. fxe3 Rd1+ 37. Kf2 Ra1 38. Rb5
Ra2+ 39. Kf3 g6 (39... Ra4 40. c5 Kf8 41. e4 Ke8 42. Kf4 g6 (42... Kd8 43. Rxb7
Rxa5 44. Rxf7 Rxc5 45. Rxg7) 43. Ke5 {with decisive activation of the king.})
40. c5 Kg7 41. Ke4 Rxg2 ({Also no rescue was} 41... Kf6 42. Rb6+ Ke7 43. Rxb7+
Ke6 44. Rb6+ Kd7 45. a6 Rxg2 46. a7 Ra2 47. Rb7+ Kc6 48. Rxf7 Kxc5 49. Ke5 Ra6
50. e4) 42. Rxb7 g5 ({Black has no real chances for a defence:} 42... Ra2 43.
c6 Rxa5 44. Kd4 Ra2 45. Rb4 Ra8 46. Kc5 Rc8 47. Kd6 Rd8+ 48. Ke7 Rd3 49. c7 Rc3
50. Kd6 Kh6 51. Rb5 g5 52. Rc5) 43. c6 {Now the win is very simple.} g4 44. c7
Rc2 45. Kd3 Rc1 46. Kd2 Rc6 47. a6 gxh3 48. a7 h2 49. Rb1 1-0